[Event "Moravia-Silesia Region-chT 2223"]
[Site "Czech Republic"]
[Date "2023.03.19"]
[Round "10"]
[White "Kolar, Stanislav"]
[Black "Vysoglad, Petr"]
[Result "1/2-1/2"]
[WhiteElo "1931"]
[BlackElo "2034"]
[PlyCount "50"]
[EventDate "2022.10.09"]
[EventType "team-tourn"]
[EventRounds "11"]
[EventCountry "CZE"]
[SourceTitle "EXT 2024"]
[Source "ChessBase"]
[SourceDate "2023.10.10"]
[SourceVersion "1"]
[SourceVersionDate "2023.10.10"]
[SourceQuality "1"]
[WhiteTeam "Senov"]
[BlackTeam "Koprivnice Tatra II"]
[WhiteTeamCountry "CZE"]
[BlackTeamCountry "CZE"]

1. Nf3 c5 2. g3 Nc6 3. Bg2 g6 4. 0-0 Bg7 5. c4 Nf6 6. Nc3 d5 7. d4 dxc4 8. dxc5 Qxd1 9. Rxd1 0-0 10. e4 Bg4 11. h3 Bxf3 12. Bxf3 Ne5 13. Be2 Nfd7 14. Be3 Rac8 15. f4 Nd3 16. Bxd3 cxd3 17. Na4 b5 18. cxb6 Nxb6 19. Nxb6 axb6 20. Rxd3 Bxb2 21. Rb1 Rc2 22. Bxb6 Rb8 23. Be3 Rb4 24. e5 Ra4 25. a3 Rxa3 1/2-1/2

[Event "Valasska Bystrice op 13th"]
[Site "Valasska Bystrice"]
[Date "2022.09.12"]
[Round "4"]
[White "Vysoglad, Petr"]
[Black "Otruba, Marek"]
[Result "1/2-1/2"]
[WhiteElo "2026"]
[BlackElo "1970"]
[PlyCount "49"]
[EventDate "2022.09.10"]
[EventType "swiss"]
[EventRounds "9"]
[EventCountry "CZE"]
[SourceTitle "CBM 210 Extra"]
[Source "ChessBase"]
[SourceDate "2022.11.30"]
[SourceVersion "1"]
[SourceVersionDate "2022.11.30"]
[SourceQuality "1"]

1. d4 d5 2. c4 e6 3. Nc3 Be7 4. Nf3 Nf6 5. g3 dxc4 6. Qa4+ c6 7. Qxc4 b5 8. Qd3 Bb7 9. Bg2 a6 10. 0-0 Nbd7 11. Rd1 c5 12. dxc5 Nxc5 13. Qxd8+ Rxd8 14. Rxd8+ Bxd8 15. Be3 Ncd7 16. Rc1 Ke7 17. Nd4 Bxg2 18. Kxg2 Ne5 19. Nf3 Ned7 20. Nd4 Ne5 21. Bf4 Nfd7 22. Ne4 Bb6 23. Nc6+ Nxc6 24. Rxc6 Ra8 25. Bd6+ 1/2-1/2

[Event "Valasska Bystrice op 13th"]
[Site "Valasska Bystrice"]
[Date "2022.09.10"]
[Round "1"]
[White "Bartosek, Ivan"]
[Black "Vysoglad, Petr"]
[Result "0-1"]
[WhiteElo "1666"]
[BlackElo "2026"]
[PlyCount "38"]
[EventDate "2022.09.10"]
[EventType "swiss"]
[EventRounds "9"]
[EventCountry "CZE"]
[SourceTitle "CBM 210 Extra"]
[Source "ChessBase"]
[SourceDate "2022.11.30"]
[SourceVersion "1"]
[SourceVersionDate "2022.11.30"]
[SourceQuality "1"]

1. e4 e6 2. d4 d5 3. e5 c5 4. c3 Nc6 5. f4 cxd4 6. cxd4 Bb4+ 7. Nc3 Nge7 8. Nf3 Nf5 9. g4 Nh4 10. Be3 Nxf3+ 11. Qxf3 Qa5 12. Bf2 0-0 13. Bd3 Bxc3+ 14. bxc3 Qxc3+ 15. Ke2 Qb2+ 16. Ke3 Qxd4+ 17. Ke2 Qb2+ 18. Ke3 f5 19. Qh3 Qd4+ 0-1

[Event "Karvina op"]
[Site "Karvina"]
[Date "2012.07.07"]
[Round "8"]
[White "Vysoglad, Petr"]
[Black "Konecny, Vladimir"]
[Result "1-0"]
[WhiteElo "2063"]
[BlackElo "1837"]
[PlyCount "50"]
[EventDate "2012.06.30"]
[EventType "swiss"]
[EventRounds "9"]
[EventCountry "CZE"]
[SourceTitle "EXT 2014"]
[Source "ChessBase"]
[SourceDate "2013.11.20"]
[SourceVersion "1"]
[SourceVersionDate "2013.11.20"]
[SourceQuality "1"]

1. d4 d5 2. Nf3 Nf6 3. c4 e6 4. Nc3 Be7 5. e3 b6 6. Be2 0-0 7. 0-0 Bb7 8. Qc2 Nbd7 9. b3 Rc8 10. Rd1 c6 11. Bb2 Qc7 12. Rac1 Qb8 13. e4 dxe4 14. Nxe4 Nxe4 15. Qxe4 c5 16. Qg4 Bf6 17. Ba1 Rfd8 18. dxc5 Bxa1 19. Rxa1 Nxc5 20. Qh5 Rxd1+ 21. Rxd1 Rd8 22. Rxd8+ Qxd8 23. Qe5 g6 24. h3 Nd3 25. Qc3 Qd6 1-0

[Event "Karvina op"]
[Site "Karvina"]
[Date "2012.07.05"]
[Round "6"]
[White "Vysoglad, Petr"]
[Black "Mrazek, Roman"]
[Result "1-0"]
[WhiteElo "2063"]
[BlackElo "1775"]
[PlyCount "49"]
[EventDate "2012.06.30"]
[EventType "swiss"]
[EventRounds "9"]
[EventCountry "CZE"]
[SourceTitle "EXT 2014"]
[Source "ChessBase"]
[SourceDate "2013.11.20"]
[SourceVersion "1"]
[SourceVersionDate "2013.11.20"]
[SourceQuality "1"]

1. c4 e6 2. Nc3 d5 3. d4 Nf6 4. Nf3 Be7 5. e3 a6 6. Be2 0-0 7. 0-0 dxc4 8. Bxc4 b5 9. Bd3 Bb7 10. a3 c5 11. dxc5 Bxc5 12. e4 Nbd7 13. Qe2 Ng4 14. Bf4 e5 15. Bg3 f6 16. b4 Ba7 17. a4 Rc8 18. Ra3 Qe7 19. Rb1 bxa4 20. h3 Nh6 21. Bxa6 Nb6 22. Bxb7 Qxb7 23. Nxa4 Nxa4 24. Rxa4 Ra8 25. Rba1 1-0

[Event "Karvina op"]
[Site "Karvina"]
[Date "2012.07.02"]
[Round "3"]
[White "Mroziak, Maciej"]
[Black "Vysoglad, Petr"]
[Result "1/2-1/2"]
[WhiteElo "2178"]
[BlackElo "2063"]
[PlyCount "83"]
[EventDate "2012.06.30"]
[EventType "swiss"]
[EventRounds "9"]
[EventCountry "CZE"]
[SourceTitle "EXT 2014"]
[Source "ChessBase"]
[SourceDate "2013.11.20"]
[SourceVersion "1"]
[SourceVersionDate "2013.11.20"]
[SourceQuality "1"]

1. e4 c6 2. d4 d5 3. Nc3 dxe4 4. Nxe4 Bf5 5. Ng3 Bg6 6. h4 h6 7. Nf3 Nd7 8. h5 Bh7 9. Bd3 Bxd3 10. Qxd3 e6 11. Bf4 Ngf6 12. 0-0-0 Nd5 13. Bd2 Bd6 14. Ne4 N7f6 15. Nxd6+ Qxd6 16. Ne5 Qe7 17. c4 Nb6 18. Ba5 0-0 19. g4 Nfd7 20. Nxd7 Nxd7 21. f4 f5 22. g5 hxg5 23. fxg5 Qxg5+ 24. Bd2 f4 25. h6 Qf5 26. Qf3 g5 27. Rdg1 Kh7 28. Rh5 Rg8 29. Qg2 Nf6 30. Rxg5 Rxg5 31. Qxg5 Qxg5 32. Rxg5 Ne4 33. Re5 Nxd2 34. Kxd2 Kxh6 35. Rxe6+ Kg5 36. Ke2 Rh8 37. d5 Rh2+ 38. Kf3 cxd5 39. cxd5 Rd2 40. Re5+ Kf6 41. Re4 Rxd5 42. Kxf4 1/2-1/2

[Event "Karvina op"]
[Site "Karvina"]
[Date "2012.07.01"]
[Round "2"]
[White "Vysoglad, Petr"]
[Black "Kireev, Aleksei"]
[Result "1/2-1/2"]
[WhiteElo "2063"]
[BlackElo "2331"]
[PlyCount "54"]
[EventDate "2012.06.30"]
[EventType "swiss"]
[EventRounds "9"]
[EventCountry "CZE"]
[SourceTitle "EXT 2014"]
[Source "ChessBase"]
[SourceDate "2013.11.20"]
[SourceVersion "1"]
[SourceVersionDate "2013.11.20"]
[SourceQuality "1"]

1. c4 d6 2. Nc3 g6 3. d4 c6 4. g3 e5 5. Bg2 Bg7 6. Nf3 f6 7. 0-0 Nh6 8. b4 Nf7 9. Rb1 0-0 10. Qb3 f5 11. dxe5 dxe5 12. c5 Qf6 13. Ng5 h6 14. Nxf7 Rxf7 15. b5 Be6 16. Qa3 e4 17. Bb2 Qe7 18. bxc6 Nxc6 19. Nb5 Ne5 20. Bxe5 Bxe5 21. Nd6 Bxd6 22. cxd6 Qf8 23. e3 Rd7 24. Rfd1 Rad8 25. Qxa7 b5 26. Qa5 Bc4 27. Bf1 Rxd6 1/2-1/2

[Event "Orlova op 8th"]
[Site "Orlova"]
[Date "2011.05.27"]
[Round "7"]
[White "Vysoglad, Petr"]
[Black "Rydzewski, Pawel"]
[Result "0-1"]
[WhiteElo "2088"]
[BlackElo "1765"]
[PlyCount "62"]
[EventDate "2011.05.21"]
[EventType "swiss"]
[EventRounds "9"]
[EventCountry "CZE"]
[SourceTitle "CBM 142 Extra"]
[Source "ChessBase"]
[SourceDate "2011.06.27"]
[SourceVersion "1"]
[SourceVersionDate "2011.06.27"]
[SourceQuality "1"]

1. c4 c6 2. Nc3 d5 3. e3 Nf6 4. d4 Bf5 5. Nf3 e6 6. Nh4 Bg6 7. Nxg6 hxg6 8. h3 Bd6 9. Be2 0-0 10. 0-0 Nbd7 11. f4 dxc4 12. Bxc4 Nb6 13. Bd3 c5 14. dxc5 Bxc5 15. Qe2 Nbd5 16. Na4 Qa5 17. Nxc5 Qxc5 18. a3 Rfd8 19. Kh2 e5 20. g3 Qd6 21. Bc4 exf4 22. exf4 Nb6 23. Bb3 Re8 24. Qf3 Rad8 25. Rf2 Re1 26. f5 Qc5 27. fxg6 Rxc1 28. gxf7+ Kf8 29. Rxc1 Qxc1 30. g4 Rd2 31. h4 Nxg4+ 0-1

[Event "Orlova op 8th"]
[Site "Orlova"]
[Date "2011.05.26"]
[Round "6"]
[White "Ganaus, Hannes"]
[Black "Vysoglad, Petr"]
[Result "1-0"]
[WhiteElo "2296"]
[BlackElo "2088"]
[PlyCount "109"]
[EventDate "2011.05.21"]
[EventType "swiss"]
[EventRounds "9"]
[EventCountry "CZE"]
[SourceTitle "CBM 142 Extra"]
[Source "ChessBase"]
[SourceDate "2011.06.27"]
[SourceVersion "1"]
[SourceVersionDate "2011.06.27"]
[SourceQuality "1"]

1. d4 Nf6 2. Nf3 c5 3. d5 e6 4. c4 exd5 5. cxd5 d6 6. e4 g6 7. h3 Bg7 8. Bd3 0-0 9. 0-0 Re8 10. Re1 Qc7 11. Qc2 a6 12. a4 Nbd7 13. Bf4 Nh5 14. Bh2 Ne5 15. Nxe5 Bxe5 16. Nd2 Bxh2+ 17. Kxh2 Rb8 18. a5 b5 19. axb6 Rxb6 20. Nc4 Rb4 21. Qd2 Rd8 22. g4 Ng7 23. Qf4 Qe7 24. Re3 f6 25. Rf3 Ne8 26. h4 Bd7 27. g5 fxg5 28. hxg5 Bb5 29. Na5 c4 30. Bf1 Nc7 31. Rc1 Rf8 32. Qxf8+ Qxf8 33. Rxf8+ Kxf8 34. Nxc4 Ne8 35. Kg3 Rb3+ 36. f3 Ng7 37. Rc3 Nh5+ 38. Kf2 Bxc4 39. Bxc4 Rxb2+ 40. Ke3 a5 41. Ra3 Rb4 42. Bd3 a4 43. Bc2 Kg7 44. Bxa4 h6 45. f4 hxg5 46. fxg5 Rb2 47. Bd1 Rg2 48. Ra7+ Kf8 49. Bxh5 gxh5 50. Rd7 Rxg5 51. Rxd6 Kg7 52. Kf4 Rg1 53. Ra6 h4 54. Ra3 Rf1+ 55. Rf3 1-0

[Event "Orlova op 8th"]
[Site "Orlova"]
[Date "2011.05.23"]
[Round "3"]
[White "Gazik, Igor"]
[Black "Vysoglad, Petr"]
[Result "1-0"]
[WhiteElo "2313"]
[BlackElo "2088"]
[PlyCount "131"]
[EventDate "2011.05.21"]
[EventType "swiss"]
[EventRounds "9"]
[EventCountry "CZE"]
[SourceTitle "CBM 142 Extra"]
[Source "ChessBase"]
[SourceDate "2011.06.27"]
[SourceVersion "1"]
[SourceVersionDate "2011.06.27"]
[SourceQuality "1"]

1. e4 e6 2. d3 d5 3. Nd2 c5 4. Ngf3 Nc6 5. g3 g6 6. Bg2 Bg7 7. 0-0 Nge7 8. Re1 0-0 9. h4 d4 10. Nf1 e5 11. c3 b5 12. cxd4 cxd4 13. N1h2 Be6 14. h5 Rc8 15. Ng5 Qd7 16. Bd2 f6 17. Nxe6 Qxe6 18. hxg6 hxg6 19. Qb3 Qxb3 20. axb3 Kh7 21. Bh3 Rc7 22. Rec1 Bh6 23. Bxh6 Kxh6 24. Ra6 Rb8 25. f4 exf4 26. gxf4 Rb6 27. Rxb6 axb6 28. e5 f5 29. Nf3 Rc8 30. Kg2 Nb4 31. Rxc8 Nxc8 32. Nxd4 Nxd3 33. Kf3 Ne7 34. Bf1 Nb4 35. Ne6 Na6 36. Bxb5 Nc5 37. Nd4 g5 38. fxg5+ Kxg5 39. b4 Ne4 40. Bd3 Nd5 41. Bxe4 fxe4+ 42. Kxe4 Nxb4 43. Ne6+ Kg6 44. Nf4+ Kf7 45. Nd5 Na6 46. Nxb6 Ke6 47. Nc4 Nc5+ 48. Kd4 Nb3+ 49. Kc3 Nc1 50. Kd4 Nb3+ 51. Kc3 Nc1 52. b4 Kd5 53. b5 Na2+ 54. Kb3 Nc1+ 55. Ka4 Nd3 56. b6 Kc6 57. Ka5 Nc5 58. Kb4 Ne6 59. Kc3 Kd7 60. Kd3 Ke7 61. Ke4 Kd7 62. Kf5 Nd8 63. Kf6 Nb7 64. e6+ Ke8 65. e7 Kd7 66. Kf7 1-0

[Event "Frydek Mistek Chance Cup op"]
[Site "Frydek Mistek"]
[Date "2011.04.23"]
[Round "6"]
[White "Mrazek, Lumir"]
[Black "Vysoglad, Petr"]
[Result "1-0"]
[WhiteElo "2160"]
[BlackElo "2051"]
[PlyCount "83"]
[EventDate "2011.04.21"]
[EventType "swiss"]
[EventRounds "9"]
[EventCountry "CZE"]
[SourceTitle "EXT 2012"]
[Source "ChessBase"]
[SourceDate "2011.11.24"]
[SourceVersion "1"]
[SourceVersionDate "2011.11.24"]
[SourceQuality "1"]

1. e4 e6 2. d4 d5 3. Nd2 dxe4 4. Nxe4 Nf6 5. Ng3 c5 6. Be3 cxd4 7. Bxd4 Nc6 8. Nf3 a6 9. c3 Nxd4 10. Nxd4 Bc5 11. Be2 Bxd4 12. Qxd4 Qxd4 13. cxd4 0-0 14. 0-0 Rd8 15. Rfd1 b5 16. Bf3 Ra7 17. Rac1 h6 18. h3 Bb7 19. Bxb7 Rxb7 20. Rc6 a5 21. f3 Nd5 22. Ne2 a4 23. Rdc1 Kh7 24. Rc8 Rd6 25. Ra8 Nb4 26. a3 Nc6 27. Rc5 Nxd4 28. Nxd4 Rxd4 29. Ra5 Rd1+ 30. Kh2 Rd5 31. Rxd5 exd5 32. Kg3 g5 33. Kf2 b4 34. Rxa4 bxa3 35. bxa3 Rb2+ 36. Kg3 Kg6 37. Rd4 Rb5 38. a4 Ra5 39. Rb4 Kf5 40. h4 Ke5 41. hxg5 hxg5 42. Kg4 1-0

[Event "Frydek Mistek Chance Cup op"]
[Site "Frydek Mistek"]
[Date "2011.04.22"]
[Round "4"]
[White "Ovcina, Dennis"]
[Black "Vysoglad, Petr"]
[Result "1-0"]
[WhiteElo "2226"]
[BlackElo "2051"]
[PlyCount "72"]
[EventDate "2011.04.21"]
[EventType "swiss"]
[EventRounds "9"]
[EventCountry "CZE"]
[SourceTitle "EXT 2012"]
[Source "ChessBase"]
[SourceDate "2011.11.24"]
[SourceVersion "1"]
[SourceVersionDate "2011.11.24"]
[SourceQuality "1"]

1. d4 Nf6 2. c4 e5 3. dxe5 Ng4 4. Nf3 Nc6 5. Bf4 Bb4+ 6. Nbd2 Qe7 7. e3 Ngxe5 8. Nxe5 Nxe5 9. Be2 0-0 10. 0-0 Bxd2 11. Qxd2 d6 12. Qc3 Ng6 13. Bg3 a5 14. Rac1 Re8 15. Rfe1 b6 16. e4 Bb7 17. Bf1 Qg5 18. f3 h5 19. Bf2 Ne5 20. g3 Qg6 21. Bg2 f5 22. f4 fxe4 23. fxe5 Rxe5 24. Re2 Rf8 25. Rce1 h4 26. gxh4 Rf3 27. Re3 Ref5 28. Bg3 Qg4 29. Bxf3 exf3 30. Rf1 f2+ 31. Rxf2 Rxf2 32. Kxf2 Qh3 33. Re8+ Kf7 34. Qe3 Qg2+ 35. Ke1 Qh1+ 36. Kd2 Qg2+ 1-0

[Event "CZE-chT2F 1011"]
[Site "Czech Republic"]
[Date "2011.03.27"]
[Round "10.5"]
[White "Vysoglad, Petr"]
[Black "Filipik, Jaroslav"]
[Result "1/2-1/2"]
[WhiteElo "2051"]
[BlackElo "2077"]
[PlyCount "97"]
[EventDate "2010.10.17"]
[EventType "team-tourn"]
[EventRounds "11"]
[EventCountry "CZE"]
[SourceTitle "EXT 2012"]
[Source "ChessBase"]
[SourceDate "2011.11.24"]
[SourceVersion "1"]
[SourceVersionDate "2011.11.24"]
[SourceQuality "1"]
[WhiteTeam "Frydek Mistek II"]
[BlackTeam "Unicov"]
[WhiteTeamCountry "CZE"]
[BlackTeamCountry "CZE"]

1. d4 Nf6 2. c4 g6 3. Nc3 d5 4. Nf3 Bg7 5. Bg5 c6 6. e3 Nbd7 7. h3 0-0 8. Be2 dxc4 9. Bxc4 Nb6 10. Bb3 Nbd5 11. Nxd5 cxd5 12. 0-0 Bf5 13. Rc1 h6 14. Bf4 Rc8 15. Qe2 Qb6 16. Be5 Be6 17. Nd2 Rc6 18. Rc3 Rfc8 19. Rfc1 Rxc3 20. Rxc3 Rxc3 21. bxc3 Qa5 22. c4 Qa6 23. Qf1 dxc4 24. Bxc4 Bxc4 25. Qxc4 Qxc4 26. Nxc4 Nd7 27. Bxg7 Kxg7 28. Na5 b6 29. Nc6 Kf6 30. Nxa7 e5 31. Nc6 Ke6 32. Nxe5 Nxe5 33. dxe5 Kxe5 34. Kf1 Kd5 35. Ke2 Kc4 36. Kd2 Kb4 37. Kc2 Ka3 38. Kb1 b5 39. e4 b4 40. h4 g5 41. hxg5 hxg5 42. f3 f6 43. Ka1 b3 44. axb3 Kxb3 45. Kb1 Kc3 46. Kc1 Kd3 47. Kd1 Ke3 48. Ke1 g4 49. fxg4 1/2-1/2

[Event "CZE-chT2F 1011"]
[Site "Czech Republic"]
[Date "2011.02.20"]
[Round "8.6"]
[White "Vysoglad, Petr"]
[Black "Taus, Martin"]
[Result "1-0"]
[WhiteElo "2051"]
[BlackElo "2119"]
[PlyCount "81"]
[EventDate "2010.10.17"]
[EventType "team-tourn"]
[EventRounds "11"]
[EventCountry "CZE"]
[SourceTitle "EXT 2012"]
[Source "ChessBase"]
[SourceDate "2011.11.24"]
[SourceVersion "1"]
[SourceVersionDate "2011.11.24"]
[SourceQuality "1"]
[WhiteTeam "Frydek Mistek II"]
[BlackTeam "Ostrava Mittal II"]
[WhiteTeamCountry "CZE"]
[BlackTeamCountry "CZE"]

1. d4 e6 2. e4 d5 3. Nc3 Nc6 4. e5 Nge7 5. Nf3 Nf5 6. Bg5 Be7 7. Bf4 g5 8. Be3 g4 9. Ng1 h5 10. Qd2 Nxe3 11. fxe3 Bg5 12. Bb5 Bd7 13. Nge2 f5 14. exf6 Qxf6 15. Rf1 Qh6 16. Nf4 0-0-0 17. 0-0-0 a6 18. Bd3 Rhf8 19. g3 Kb8 20. Kb1 Bc8 21. Qg2 Bd7 22. a3 Rc8 23. Na2 Ne7 24. Qd2 c5 25. dxc5 e5 26. Ng2 d4 27. Be4 Rxf1 28. Rxf1 Bb5 29. Re1 Rxc5 30. Qb4 Rc4 31. Qb3 dxe3 32. Nc3 Rd4 33. Nxb5 Rxe4 34. Qd3 Qc6 35. Qd8+ Qc8 36. Qd6+ Ka8 37. Nc3 Nf5 38. Qg6 Rc4 39. Qxg5 Rxc3 40. bxc3 Qxc3 41. Qxf5 1-0

[Event "CZE-chT2F 1011"]
[Site "Czech Republic"]
[Date "2010.11.21"]
[Round "3.6"]
[White "Siwek, Antonin"]
[Black "Vysoglad, Petr"]
[Result "0-1"]
[WhiteElo "1936"]
[BlackElo "2051"]
[PlyCount "84"]
[EventDate "2010.10.17"]
[EventType "team-tourn"]
[EventRounds "11"]
[EventCountry "CZE"]
[SourceTitle "EXT 2012"]
[Source "ChessBase"]
[SourceDate "2011.11.24"]
[SourceVersion "1"]
[SourceVersionDate "2011.11.24"]
[SourceQuality "1"]
[WhiteTeam "Senov"]
[BlackTeam "Frydek Mistek II"]
[WhiteTeamCountry "CZE"]
[BlackTeamCountry "CZE"]

1. d4 Nf6 2. c4 c5 3. Nf3 g6 4. Nc3 cxd4 5. Nxd4 Nc6 6. g3 Bg7 7. Bg2 0-0 8. 0-0 Qb6 9. Nb3 d6 10. Nd5 Nxd5 11. cxd5 Na5 12. Be3 Qa6 13. Nxa5 Qxa5 14. Bd4 Qb4 15. Bxg7 Kxg7 16. b3 Bd7 17. Qd3 Qb6 18. Rfc1 Rfc8 19. Rc4 Rxc4 20. bxc4 Rc8 21. e3 f6 22. Bf1 Bf5 23. e4 Bd7 24. Rb1 Qc7 25. Qe3 b6 26. f4 Qc5 27. Kf2 Qxe3+ 28. Kxe3 Rc5 29. Rb2 h5 30. h4 Ra5 31. Bd3 Ra3 32. Kd4 Kf7 33. Rf2 Kg7 34. Rd2 e5+ 35. dxe6 Bxe6 36. Rc2 Kf7 37. Rd2 f5 38. Re2 fxe4 39. Bxe4 Rxg3 40. Rg2 Rg4 41. Rxg4 hxg4 42. Bd3 Kg7 0-1

[Event "Pobeskydy ArcelorMittal op 21st"]
[Site "Frydek Mistek"]
[Date "2010.04.05"]
[Round "9"]
[White "Leks, Maria"]
[Black "Vysoglad, Petr"]
[Result "1-0"]
[WhiteElo "1962"]
[BlackElo "2053"]
[PlyCount "79"]
[EventDate "2010.04.01"]
[EventType "swiss"]
[EventRounds "9"]
[EventCountry "CZE"]
[SourceTitle "CBM 135 Extra"]
[Source "ChessBase"]
[SourceDate "2010.05.04"]
[SourceVersion "1"]
[SourceVersionDate "2010.05.04"]
[SourceQuality "1"]

1. e4 e6 2. d4 d5 3. Nd2 Nf6 4. e5 Nfd7 5. Bd3 c5 6. c3 Nc6 7. Ngf3 cxd4 8. cxd4 Qb6 9. 0-0 Be7 10. Nb3 a5 11. a4 Nb4 12. Bb5 0-0 13. Bf4 f5 14. Bg5 Bxg5 15. Nxg5 h6 16. Nh3 Rf7 17. Nf4 Nf8 18. Nc5 Qd8 19. Qf3 Qh4 20. g3 Qd8 21. Rac1 b6 22. Ncd3 Na6 23. Rc6 Bd7 24. Rd6 Qe8 25. Bxd7 Rxd7 26. Rxb6 Re7 27. b3 Qd8 28. Rc6 Qb8 29. Rc3 Raa7 30. Nc5 Nxc5 31. Rxc5 Rab7 32. Rb1 Rb4 33. Qd3 Reb7 34. Rxa5 Rxb3 35. Rxb3 Rxb3 36. Rb5 Rxd3 37. Rxb8 Rd1+ 38. Kg2 Kf7 39. a5 Rxd4 40. Rxf8+ 1-0

[Event "Pobeskydy ArcelorMittal op 21st"]
[Site "Frydek Mistek"]
[Date "2010.04.02"]
[Round "3"]
[White "Cyfka, Karina"]
[Black "Vysoglad, Petr"]
[Result "1/2-1/2"]
[WhiteElo "2302"]
[BlackElo "2053"]
[PlyCount "106"]
[EventDate "2010.04.01"]
[EventType "swiss"]
[EventRounds "9"]
[EventCountry "CZE"]
[SourceTitle "CBM 135 Extra"]
[Source "ChessBase"]
[SourceDate "2010.05.04"]
[SourceVersion "1"]
[SourceVersionDate "2010.05.04"]
[SourceQuality "1"]

1. e4 e6 2. d3 d5 3. Nd2 c5 4. Ngf3 Nc6 5. g3 g6 6. Bg2 Bg7 7. 0-0 Nge7 8. Re1 0-0 9. Nf1 b5 10. e5 Qc7 11. Qe2 Bb7 12. h4 Nf5 13. c3 h5 14. Bf4 d4 15. N1d2 dxc3 16. bxc3 b4 17. Rac1 bxc3 18. Rxc3 Qa5 19. Rec1 Qxa2 20. Rxc5 Ncd4 21. Qd1 Bxf3 22. Bxf3 Nxf3+ 23. Nxf3 Rad8 24. Bg5 Rd5 25. d4 Rd7 26. Rc8 Qa6 27. Rxf8+ Bxf8 28. Qb3 Rb7 29. Qc2 Qa3 30. Qc6 Qb3 31. Qc8 Rb8 32. Qc6 Qd5 33. Qc7 Ra8 34. Qc3 a5 35. Rd1 a4 36. Nh2 Qb3 37. Qa1 Bb4 38. Rb1 Bc3 39. Rxb3 Bxa1 40. Ra3 Bb2 41. Ra2 a3 42. Nf3 Nxd4 43. Nxd4 Bxd4 44. Bc1 Bc5 45. Kf1 f6 46. exf6 Kf7 47. Ke2 Kxf6 48. Kd3 Ra4 49. Kc3 Kf5 50. Kb3 Ra8 51. Rc2 Be7 52. Ka2 Rd8 53. Rc7 Bd6 1/2-1/2

[Event "CZE-chT2F 0910"]
[Site "Czech Republic"]
[Date "2009.12.06"]
[Round "4.3"]
[White "Stratil, Ladislav Jr"]
[Black "Vysoglad, Petr"]
[Result "1-0"]
[WhiteElo "2353"]
[BlackElo "2053"]
[PlyCount "95"]
[EventDate "2009.10.18"]
[EventType "team-tourn"]
[EventRounds "11"]
[EventCountry "CZE"]
[SourceTitle "EXT 2012"]
[Source "ChessBase"]
[SourceDate "2011.11.24"]
[SourceVersion "1"]
[SourceVersionDate "2011.11.24"]
[SourceQuality "1"]
[WhiteTeam "Sumperk"]
[BlackTeam "Frydek Mistek II"]
[WhiteTeamCountry "CZE"]
[BlackTeamCountry "CZE"]

1. e4 c6 2. d3 d5 3. Nd2 g6 4. g3 Bg7 5. Bg2 e5 6. Ngf3 Ne7 7. 0-0 0-0 8. Re1 d4 9. a4 c5 10. Nc4 Nbc6 11. Bd2 Be6 12. b3 Rb8 13. Ng5 Qd7 14. h4 h6 15. Nxe6 Qxe6 16. Kh2 Nc8 17. Bh3 Qe7 18. Kg2 Nd6 19. h5 Nxc4 20. bxc4 g5 21. Qg4 Rbe8 22. Rab1 Nd8 23. Qc8 Qd6 24. a5 Re7 25. Qf5 Ne6 26. Rb3 b6 27. axb6 axb6 28. Ra1 Rb8 29. Qf3 Nc7 30. Rab1 Qc6 31. Qg4 b5 32. cxb5 Nxb5 33. f4 exf4 34. gxf4 c4 35. Rxb5 Rxb5 36. Rxb5 Qxb5 37. fxg5 cxd3 38. gxh6 f5 39. Qg5 Qe5 40. Bxf5 Qf6 41. cxd3 Qxh6 42. Qxh6 Bxh6 43. Bxh6 Ra7 44. Kf3 Kf7 45. e5 Ra1 46. Ke4 Rh1 47. Bg6+ Ke6 48. Bf4 1-0

[Event "CZE-chT2F 0910"]
[Site "Czech Republic"]
[Date "2009.11.22"]
[Round "3.7"]
[White "Vysoglad, Petr"]
[Black "Brazina, David"]
[Result "1/2-1/2"]
[WhiteElo "2053"]
[BlackElo "1936"]
[PlyCount "29"]
[EventDate "2009.10.18"]
[EventType "team-tourn"]
[EventRounds "11"]
[EventCountry "CZE"]
[SourceTitle "EXT 2012"]
[Source "ChessBase"]
[SourceDate "2011.11.24"]
[SourceVersion "1"]
[SourceVersionDate "2011.11.24"]
[SourceQuality "1"]
[WhiteTeam "Frydek Mistek II"]
[BlackTeam "Ostrava Mittal II"]
[WhiteTeamCountry "CZE"]
[BlackTeamCountry "CZE"]

1. c4 e5 2. Nc3 Nf6 3. g3 Bc5 4. Bg2 0-0 5. e3 c6 6. Nge2 d5 7. cxd5 cxd5 8. d4 exd4 9. Nxd4 Bxd4 10. exd4 Re8+ 11. Be3 Ng4 12. Qf3 Ne5 13. dxe5 d4 14. 0-0 dxc3 15. bxc3 1/2-1/2

[Event "Pobeskydy ArcelorMittal op"]
[Site "Frydek Mistek"]
[Date "2009.04.12"]
[Round "7"]
[White "Leks, Maria"]
[Black "Vysoglad, Petr"]
[Result "1/2-1/2"]
[WhiteElo "1855"]
[BlackElo "2073"]
[PlyCount "70"]
[EventDate "2009.04.09"]
[EventType "swiss"]
[EventRounds "9"]
[EventCountry "CZE"]
[SourceTitle "CBM 129 Extra"]
[Source "ChessBase"]
[SourceDate "2009.05.05"]
[SourceVersion "2"]
[SourceVersionDate "2009.05.20"]
[SourceQuality "1"]

1. e4 c6 2. c4 d5 3. exd5 cxd5 4. cxd5 Qxd5 5. Nc3 Qd8 6. d4 e6 7. Nf3 Nf6 8. Be2 Nc6 9. 0-0 Be7 10. Be3 0-0 11. Qb3 Nb4 12. Rfd1 Nbd5 13. Bc4 b6 14. Bxd5 Nxd5 15. Nxd5 exd5 16. Bf4 Bg4 17. h3 Bxf3 18. Qxf3 Qd7 19. Rac1 Rac8 20. Qd3 Rxc1 21. Rxc1 Bd6 22. Bxd6 Qxd6 23. Qc3 h6 24. Qe3 Qd7 25. Qf4 Rc8 26. Rxc8+ Qxc8 27. Qe3 a5 28. b3 b5 29. Qe5 Qc6 30. Qb8+ Kh7 31. Qa7 Qc1+ 32. Kh2 Qf4+ 33. Kg1 Qc1+ 34. Kh2 Qf4+ 35. Kg1 Qc1+ 1/2-1/2

[Event "Pobeskydy op"]
[Site "Frydek Mistek"]
[Date "2008.03.23"]
[Round "7"]
[White "Vysoglad, Petr"]
[Black "Tomaszewska, Luiza"]
[Result "1-0"]
[WhiteElo "2102"]
[BlackElo "1824"]
[PlyCount "69"]
[EventDate "2008.03.20"]
[EventType "swiss"]
[EventRounds "9"]
[EventCountry "CZE"]
[SourceTitle "EXT 2010"]
[Source "ChessBase"]
[SourceDate "2010.11.25"]
[SourceVersion "1"]
[SourceVersionDate "2010.11.25"]
[SourceQuality "1"]

1. c4 Nf6 2. Nc3 d6 3. d4 Nbd7 4. g3 e5 5. Bg2 Be7 6. Nf3 exd4 7. Nxd4 0-0 8. 0-0 Ne5 9. b3 c5 10. Nf3 Nxf3+ 11. Bxf3 a6 12. Bb2 Rb8 13. Qd3 Bd7 14. a4 Qe8 15. a5 Qc8 16. Rfe1 b5 17. cxb5 Bxb5 18. Nxb5 Rxb5 19. Ra4 Qc7 20. Rea1 Rfb8 21. R1a3 Qd7 22. Bxf6 Bxf6 23. Bd5 Rd8 24. Bc4 d5 25. Bxb5 axb5 26. Rf4 c4 27. bxc4 bxc4 28. Qc2 Qb5 29. a6 Be7 30. Ra1 Bc5 31. Rf5 c3 32. a7 Qb7 33. Ra4 Ra8 34. Qd3 Bxa7 35. Qxc3 1-0